<?xml version="1.0" encoding="UTF-8"?>
<collection xmlns="http://www.loc.gov/MARC21/slim">
 <record>
  <leader>03628ntm a22005537a 4500</leader>
  <controlfield tag="001">000257854</controlfield>
  <controlfield tag="003">CZ-PrVSE</controlfield>
  <controlfield tag="005">20140629123210.0</controlfield>
  <controlfield tag="006">m        d</controlfield>
  <controlfield tag="007">cr n||||||||||</controlfield>
  <controlfield tag="008">140629s2014    xr     fsbm   000 0 cze d</controlfield>
  <datafield tag="STA" ind1=" " ind2=" ">
   <subfield code="a">NEZPRACOVANÝ IMPORT</subfield>
  </datafield>
  <datafield tag="040" ind1=" " ind2=" ">
   <subfield code="a">ABA006</subfield>
   <subfield code="b">cze</subfield>
   <subfield code="c">ABA006</subfield>
   <subfield code="d">ABA006</subfield>
  </datafield>
  <datafield tag="100" ind1="1" ind2=" ">
   <subfield code="a">Marek, Libor</subfield>
   <subfield code="%">ISIS:93086</subfield>
   <subfield code="4">dis</subfield>
  </datafield>
  <datafield tag="242" ind1="1" ind2="0">
   <subfield code="a">Information ethics and her compliance with the Internet</subfield>
   <subfield code="y">eng</subfield>
  </datafield>
  <datafield tag="245" ind1="1" ind2="0">
   <subfield code="a">Informační etika a její dodržování v online prostředí</subfield>
   <subfield code="h">[elektronický zdroj] /</subfield>
   <subfield code="c">Libor Marek</subfield>
  </datafield>
  <datafield tag="260" ind1=" " ind2=" ">
   <subfield code="c">2014</subfield>
  </datafield>
  <datafield tag="300" ind1=" " ind2=" ">
   <subfield code="a">?? s. :</subfield>
   <subfield code="3">digital, PDF soubor</subfield>
  </datafield>
  <datafield tag="500" ind1=" " ind2=" ">
   <subfield code="a">Vedoucí práce: Tomáš Sigmund</subfield>
  </datafield>
  <datafield tag="502" ind1=" " ind2=" ">
   <subfield code="a">Bakalářská práce (Bc.)—Vysoká škola ekonomická v Praze. Fakulta informatiky a statistiky, 2014</subfield>
  </datafield>
  <datafield tag="504" ind1=" " ind2=" ">
   <subfield code="a">Obsahuje bibliografii</subfield>
  </datafield>
  <datafield tag="516" ind1=" " ind2=" ">
   <subfield code="a">Textový (vysokoškolská kvalifikační práce)</subfield>
  </datafield>
  <datafield tag="518" ind1=" " ind2=" ">
   <subfield code="a">Rok obhajoby 2014</subfield>
  </datafield>
  <datafield tag="520" ind1="3" ind2=" ">
   <subfield code="a">Tato bakalářská práce se zabývá informační etikou a jejím dodržováním v online prostředí. První část předkládá stručnou historii vývoje etiky a představuje základní etické postoje. Druhá část práce je věnována dílčí oblasti etiky, kterou představuje informační etika, jež úzce souvisí s fenoménem dnešní doby, kterým je internet. Rovněž jsou zde popsány související etické kodexy a normy, dále platná legislativa v České republice a představeny jsou také všeobecné zásady informační etiky ve spojení s internetovým prostředím. Třetí část je zaměřena na praktickou rovinu, v rámci které je řešeno obecné chování lidí na internetu a popsány jsou problémy s ním spojené. Pozornost je přikládána oblasti elektronické korespondence, reklamy na internetu a řešeno je také téma sociálních sítí. V případě sociálních sítí byla provedena SWOT analýza pro detailní rozbor této problematiky a k vyvození konkrétních závěrů z dané oblasti. Závěrečnou část práce představuje vyhodnocení dotazníkového šetření, které bylo vytvořeno konkrétně pro tuto práci, a následně shrnutí dosažených závěrů z této práce s návrhem možných řešení ke zlepšení stávající situace. Příkladem závěrečného tvrzení je fakt, že by etická stránka věci neměla být společností opomíjena a současně s platnou legislativou České republiky by měla být pomocnou rukou při budování lepší společnosti a zlepšení chování nejen v oblasti internetu.</subfield>
  </datafield>
  <datafield tag="538" ind1=" " ind2=" ">
   <subfield code="a">Způsob přístupu: Internet</subfield>
  </datafield>
  <datafield tag="653" ind1="0" ind2=" ">
   <subfield code="a">informatika [obor bakal. práce]</subfield>
  </datafield>
  <datafield tag="655" ind1=" " ind2="7">
   <subfield code="a">bakalářské práce</subfield>
   <subfield code="7">fd132403</subfield>
   <subfield code="2">czenas</subfield>
  </datafield>
  <datafield tag="655" ind1=" " ind2="9">
   <subfield code="a">bachelor's theses</subfield>
   <subfield code="2">eczenas</subfield>
  </datafield>
  <datafield tag="690" ind1=" " ind2=" ">
   <subfield code="a">sociální síť</subfield>
  </datafield>
  <datafield tag="690" ind1=" " ind2=" ">
   <subfield code="a">internet</subfield>
  </datafield>
  <datafield tag="690" ind1=" " ind2=" ">
   <subfield code="a">legislativa</subfield>
  </datafield>
  <datafield tag="690" ind1=" " ind2=" ">
   <subfield code="a">etický kodex</subfield>
  </datafield>
  <datafield tag="690" ind1=" " ind2=" ">
   <subfield code="a">informační etika</subfield>
  </datafield>
  <datafield tag="690" ind1=" " ind2=" ">
   <subfield code="a">etika</subfield>
  </datafield>
  <datafield tag="690" ind1=" " ind2=" ">
   <subfield code="a">normy</subfield>
  </datafield>
  <datafield tag="690" ind1=" " ind2=" ">
   <subfield code="a">informace</subfield>
  </datafield>
  <datafield tag="700" ind1="1" ind2=" ">
   <subfield code="a">Sigmund, Tomáš</subfield>
   <subfield code="7">vse2015871538</subfield>
   <subfield code="4">ths</subfield>
  </datafield>
  <datafield tag="700" ind1="1" ind2=" ">
   <subfield code="a">Toman, Prokop,</subfield>
   <subfield code="d">1942-</subfield>
   <subfield code="7">jn20010309758</subfield>
   <subfield code="4">opn</subfield>
  </datafield>
  <datafield tag="710" ind1="2" ind2=" ">
   <subfield code="a">Vysoká škola ekonomická v Praze.</subfield>
   <subfield code="b">Fakulta informatiky a statistiky</subfield>
   <subfield code="7">kn20010709399</subfield>
  </datafield>
  <datafield tag="856" ind1="4" ind2="0">
   <subfield code="u">https://isis.vse.cz/zp/42962/podrobnosti</subfield>
   <subfield code="y">VŠKP v InSIS</subfield>
  </datafield>
  <datafield tag="856" ind1="4" ind2="0">
   <subfield code="u">https://isis.vse.cz/zp/42962</subfield>
   <subfield code="y">Hlavní práce</subfield>
  </datafield>
  <datafield tag="856" ind1="4" ind2="0">
   <subfield code="u">https://isis.vse.cz/zp/42962/posudek/vedouci</subfield>
   <subfield code="y">Hodnocení vedoucího</subfield>
  </datafield>
  <datafield tag="856" ind1="4" ind2="0">
   <subfield code="u">https://isis.vse.cz/zp/42962/posudek/oponent/35489</subfield>
   <subfield code="y">Oponentura</subfield>
  </datafield>
  <datafield tag="999" ind1="4" ind2="0">
   <subfield code="u">http://isis.vse.cz/zp/124525/podrobnosti</subfield>
   <subfield code="y">dc:identifier</subfield>
  </datafield>
  <datafield tag="993" ind1=" " ind2=" ">
   <subfield code="x">NEPOSILAT</subfield>
   <subfield code="y">VSKP</subfield>
  </datafield>
  <datafield tag="999" ind1="4" ind2="5">
   <subfield code="x">124525</subfield>
  </datafield>
  <datafield tag="999" ind1="4" ind2="9">
   <subfield code="a">vse42962</subfield>
   <subfield code="b">140624</subfield>
  </datafield>
 </record>
</collection>
